000 00485nam a2200193Ia 4500
008 240510s9999 xx 000 0 und d
020 _a0009810229194
041 _aEng
082 _a006.32
082 _bR55
100 _aROOIJ A.J.F.V. & JAIN L.C. & JOHNSON R.P.
245 0 _aNEURAL NETWORK TRAINING USING GENTIC ALGORITHMS
260 _bNEW JERSEY : WORLD SCIENTIFIC
260 _c1996
300 _a130 p.
650 _aNEURAL NETWORKS
942 _2ddc
942 _cLBK
999 _c26918
_d26918
945 _a1
_bMadushi Gamage
_c1
_dMadushi Gamage